Retrouve le titre français de cette chanson Disney - Statistiques

Statistiques générales
  • Ce quiz a été pris 36 fois
  • Le résultat moyen est 14 sur 30
Statistiques - réponses
Titre de la chanson en anglais Titre de la chanson en français % Correct
Do you want to build a snowman ? Je voudrais un bonhomme de neige
82%
Under the sea Sous l'océan
79%
Let it go Libérée, délivrée
76%
Everybody wants to be a cat Tout le monde veut devenir un cat
73%
I just can't wait to be king Je voudrais déjà être roi
70%
I've got a dream Moi j'ai un rêve
70%
A whole new world Ce rêve bleu
67%
Someday my prince will come Un jour mon prince viendra
64%
The circle of life L'histoire de la vie
61%
You've got a friend in me Je suis ton ami
58%
Can you feel the love tonight L'amour brille sous les étoiles
58%
You can fly Tu t'envoles
58%
Bella notte Belle nuit
55%
Zero to hero De zéro en héros
52%
Colours of the wind L'air du vent
52%
I'll make a man out of you Comme un homme
48%
Be our guest C'est la fête
45%
Be prepared Soyez prêtes
45%
Cruella De Vil Cruelle diablesse
39%
How far I'll go Le bleu lumière
36%
Into the unknown Dans un autre monde
33%
When will my life begin ? Où est la vraie vie ?
30%
Poor unfortunate souls Pauvres âmes en perdition
30%
When you pray the good star Qaund on prie la bonne étoile
30%
The bare necessities Il en faut peu pour être heureux
27%
On my way Je m'en vais
21%
Little april shower La chanson de la pluie
21%
You're welcome Pour les hommes
21%
I'm still here Un homme libre
12%
You'll be in my heart Toujours dans mon coeur
9%
Aucun quiz correspondant
Distribution des résultats
% des personnes avec chaque résultat
Percentile par nombre de réponses
Votre historique - résultats
Vous n’avez pas pris ce quiz